00385nam a2200121Ia 4500008004100000245009600041260002600137260000900163300000800172650002600180650001200206856004500218170516s9999 xx 000 0 und d aPrevalence of left atrial abnormalities in atrial fibrillation versus normal sinus patients bActa Radiologica Open c2016 a5:6 xRadiologic Technology xRadtech uhttp://journals.sagepub.com/toc/arrb/5/6